MARC details
| 000 -CABECERA |
| campo de control de longitud fija |
01235nam a2200325 a 4500 |
| 003 - IDENTIFICADOR DEL NÚMERO DE CONTROL |
| campo de control |
MX-MxUPN |
| 005 - FECHA Y HORA DE LA ÚLTIMA TRANSACCIÓN |
| campo de control |
20240621063659.0 |
| 008 - ELEMENTOS DE LONGITUD FIJA--INFORMACIÓN GENERAL |
| campo de control de longitud fija |
190607t2017 mx r 000 0 spa d |
| 020 ## - NÚMERO INTERNACIONAL NORMALIZADO PARA LIBROS |
| Número Internacional Estándar del Libro |
9786078480326 (COLSON) |
| 020 ## - NÚMERO INTERNACIONAL NORMALIZADO PARA LIBROS |
| Número Internacional Estándar del Libro |
9786077371724 (UAS) |
| 035 ## - NÚMERO DE CONTROL DEL SISTEMA |
| Número de control de sistema |
UPN01000231105 |
| 040 ## - FUENTE DE LA CATALOGACIÓN |
| Centro catalogador/agencia de origen |
MX-MxUPN |
| Lengua de catalogación |
spa |
| Centro/agencia transcriptor |
MX-MxUPN |
| 041 0# - CÓDIGO DE IDIOMA |
| Código de lengua del texto/banda sonora o título independiente |
spa |
| 050 00 - SIGNATURA TOPOGRÁFICA DE LA BIBLIOTECA DEL CONGRESO |
| Número de clasificación |
JV7408 |
| Número de documento/Ítem |
T73 2017 |
| 245 00 - MENCIÓN DE TÍTULO |
| Título |
Tránsito y retorno de la niñez migrante : |
| Resto del título |
epílogo en la administración Trump |
| 260 ## - PUBLICACIÓN, DISTRIBUCIÓN, ETC. |
| Lugar de publicación, distribución, etc. |
Hermosillo, Sonora : |
| Nombre del editor, distribuidor, etc. |
El Colegio de Sonora |
| 260 ## - PUBLICACIÓN, DISTRIBUCIÓN, ETC. |
| Lugar de publicación, distribución, etc. |
Culiacán de Rosales, Sinaloa : |
| Nombre del editor, distribuidor, etc. |
Universidad Autónoma de Sinaloa, |
| Fecha de publicación, distribución, etc. |
©2017. |
| 300 ## - DESCRIPCIÓN FÍSICA |
| Extensión |
242 páginas |
| 650 #4 - ASIENTO SECUNDARIO DE MATERIA - TERMINO TEMATICO |
| Término de materia o nombre geográfico como elemento de entrada |
Niños inmigrantes |
| Subdivisión geográfica |
México |
| 9 (RLIN) |
52477 |
| 650 #4 - ASIENTO SECUNDARIO DE MATERIA - TERMINO TEMATICO |
| Término de materia o nombre geográfico como elemento de entrada |
Adolescentes inmigrantes |
| Subdivisión geográfica |
México |
| 9 (RLIN) |
52478 |
| 650 #4 - ASIENTO SECUNDARIO DE MATERIA - TERMINO TEMATICO |
| Término de materia o nombre geográfico como elemento de entrada |
Migración de retorno |
| Subdivisión geográfica |
México |
| 9 (RLIN) |
45785 |
| 650 #4 - ASIENTO SECUNDARIO DE MATERIA - TERMINO TEMATICO |
| Término de materia o nombre geográfico como elemento de entrada |
Niños inmigrantes |
| Subdivisión general |
Educación |
| Subdivisión geográfica |
México |
| 9 (RLIN) |
9362 |
| 650 #4 - ASIENTO SECUNDARIO DE MATERIA - TERMINO TEMATICO |
| Término de materia o nombre geográfico como elemento de entrada |
Adolescentes inmigrantes |
| Subdivisión general |
Educación |
| Subdivisión geográfica |
México |
| 9 (RLIN) |
52479 |
| 651 #4 - ASIENTO SECUNDARIO DE MATERIA - NOMBRE GEOGRAFICO |
| Nombre geográfico |
México |
| Subdivisión general |
Emigración e inmigración |
| 9 (RLIN) |
7931 |
| 651 #4 - ASIENTO SECUNDARIO DE MATERIA - NOMBRE GEOGRAFICO |
| Nombre geográfico |
Estados Unidos |
| Subdivisión general |
Emigración e inmigración |
| 9 (RLIN) |
15551 |
| 700 1# - ASIENTO SECUNDARIO--NOMBRE DE PERSONAL |
| Nombre de persona |
Valdéz-Gardea, Gloria Ciria |
| 9 (RLIN) |
52473 |
| Término indicativo de función/relación |
coordinación |
| 700 1# - ASIENTO SECUNDARIO--NOMBRE DE PERSONAL |
| Nombre de persona |
García Castro, Ismael |
| 9 (RLIN) |
52474 |
| Término indicativo de función/relación |
coordinación |
| 942 ## - ELEMENTOS DE PUNTO DE ACCESO ADICIONAL (KOHA) |
| Fuente del sistema de clasificación o colocación |
Library of Congress Classification |
| Tipo de ítem Koha |
Libro |